00482cam a22002051 4500001001300000003000400013005001700017008004100034010001700075035002000092040001800112042001200130050001800142100002200160245003200182260001100214300001900225500001500244999001700259sa 68003044 DLC20260227112449.0881028s1967 xx 000 0 hino  asa 68003044  a(OCoLC)23557756 aDLCcMiUdDLC apremarc00aPK1718.M5bH71 aMitra, Premendra.10aHṛdaẏa diẏe gaṛā. c[1967] a145 p.c23 cm. aRomanized. c79182d79182